<?xml version="1.0" encoding="UTF-8"?>
<record
    xmlns:xsi="http://www.w3.org/2001/XMLSchema-instance"
    xsi:schemaLocation="http://www.loc.gov/MARC21/slim http://www.loc.gov/standards/marcxml/schema/MARC21slim.xsd"
    xmlns="http://www.loc.gov/MARC21/slim">

  <leader>01779cam a2200301 a 4500</leader>
  <controlfield tag="001">991106591848906196</controlfield>
  <controlfield tag="005">20251111105459.0</controlfield>
  <controlfield tag="008">130410s2013    dcua     b    001 0 eng d</controlfield>
  <datafield tag="020" ind1=" " ind2=" ">
    <subfield code="a">9781475531091</subfield>
  </datafield>
  <datafield tag="035" ind1=" " ind2=" ">
    <subfield code="a">(UTL)9042414-01utoronto_inst</subfield>
  </datafield>
  <datafield tag="035" ind1=" " ind2=" ">
    <subfield code="a">(SIRSI)9042414</subfield>
  </datafield>
  <datafield tag="035" ind1=" " ind2=" ">
    <subfield code="a">(OCoLC)837959241</subfield>
  </datafield>
  <datafield tag="040" ind1=" " ind2=" ">
    <subfield code="a">YDXCP</subfield>
    <subfield code="c">YDXCP</subfield>
    <subfield code="d">BTCTA</subfield>
    <subfield code="d">UKMGB</subfield>
    <subfield code="d">KSG</subfield>
    <subfield code="d">TWC</subfield>
    <subfield code="d">BDX</subfield>
    <subfield code="d">CUI</subfield>
    <subfield code="d">ZAD</subfield>
  </datafield>
  <datafield tag="041" ind1=" " ind2=" ">
    <subfield code="a">eng</subfield>
  </datafield>
  <datafield tag="050" ind1=" " ind2="4">
    <subfield code="a">HJ141</subfield>
    <subfield code="b">.P83 2013</subfield>
  </datafield>
  <datafield tag="245" ind1="0" ind2="0">
    <subfield code="a">Public financial management and its emerging architecture</subfield>
    <subfield code="c">/ edited by Marco Cangiano, Teresa Curristine, and Michel Lazare.</subfield>
  </datafield>
  <datafield tag="260" ind1=" " ind2=" ">
    <subfield code="a">Washington D.C. :</subfield>
    <subfield code="b">International Monetary Fund,</subfield>
    <subfield code="c">2013</subfield>
  </datafield>
  <datafield tag="300" ind1=" " ind2=" ">
    <subfield code="a">xii, 456 pages :</subfield>
    <subfield code="b">illustrations ;</subfield>
    <subfield code="c">23 cm.</subfield>
  </datafield>
  <datafield tag="504" ind1=" " ind2=" ">
    <subfield code="a">Includes bibliographical references and index.</subfield>
  </datafield>
  <datafield tag="505" ind1="0" ind2=" ">
    <subfield code="a">An overview of contemporary public financial management reforms &#x2014; Designing and building: PFM innovations and reforms &#x2014; Strengthening the foundations: modernizing the PFM infrastructure &#x2014; Adapting to the environment: PFM reform in developing countries.</subfield>
  </datafield>
  <datafield tag="520" ind1=" " ind2=" ">
    <subfield code="a">The first two decades of the twenty-first century have witnessed an influx of innovations and reforms in public financial management. The current wave of reforms is markedly different from those in the past, owing to the sheer number of innovations, their widespread adoption, and the sense that they add up to a fundamental change in the way governments manage public money. This book takes stock of the most important innovations that have emerged over the past two decades.</subfield>
  </datafield>
  <datafield tag="650" ind1=" " ind2="0">
    <subfield code="a">Public administration</subfield>
    <subfield code="9">26458</subfield>
  </datafield>
  <datafield tag="650" ind1=" " ind2="0">
    <subfield code="a">Finance, Public</subfield>
    <subfield code="9">10755</subfield>
  </datafield>
  <datafield tag="700" ind1=" " ind2=" ">
    <subfield code="a">Curristine, Teresa</subfield>
    <subfield code="d">1970-</subfield>
    <subfield code="9">26459</subfield>
    <subfield code="e">editor</subfield>
  </datafield>
  <datafield tag="700" ind1=" " ind2=" ">
    <subfield code="a">Lazare, Michel</subfield>
    <subfield code="9">26460</subfield>
    <subfield code="e">editor</subfield>
  </datafield>
  <datafield tag="700" ind1=" " ind2=" ">
    <subfield code="a">Cangiano, M.</subfield>
    <subfield code="q">(Marco)</subfield>
    <subfield code="d">editor</subfield>
  </datafield>
  <datafield tag="942" ind1=" " ind2=" ">
    <subfield code="2">lcc</subfield>
  </datafield>
  <datafield tag="952" ind1=" " ind2=" ">
    <subfield code="0">0</subfield>
    <subfield code="1">0</subfield>
    <subfield code="2">lcc</subfield>
    <subfield code="4">0</subfield>
    <subfield code="7">0</subfield>
    <subfield code="a">TBS</subfield>
    <subfield code="b">TBS</subfield>
    <subfield code="d">2025-11-11</subfield>
    <subfield code="l">0</subfield>
    <subfield code="o">HJ141 CAN</subfield>
    <subfield code="p">B05663</subfield>
    <subfield code="r">2025-11-11</subfield>
    <subfield code="t">1</subfield>
    <subfield code="w">2025-11-11</subfield>
    <subfield code="y">1</subfield>
  </datafield>
  <datafield tag="999" ind1=" " ind2=" ">
    <subfield code="c">5165</subfield>
    <subfield code="d">5165</subfield>
  </datafield>
</record>
